La Jordanie pour les touristes... - Statistiques

Statistiques générales
  • Ce quiz a été pris 23 fois
  • Le résultat moyen est 8 sur 20
Statistiques - réponses
Question Indice Réponses % Correct
Le suffixe internet est jo
79%
Quelles sont les principaux lieux touristiques ? P Site de {Petra}
74%
Quelles sont les principaux lieux touristiques ? M Mer {Morte}
68%
Dans la capitale quel est le décalage horaire avec Paris ? (+ ou - et chiffre) ex - 10 ou + 3,5 + 1
58%
La religion majoritaire est Islam
58%
Quel est le régime du pays ? M C Monarchie constitutionnelle
58%
Combien d'heures (environ) mettrez-vous pour vous y rendre ? (en chiffres) 4
53%
Le principal aéroport est A Amman
53%
Quel est le climat local ? D Désertique
53%
Code sur les plaques minéralogiques JOR
53%
Quelles sont les principaux lieux touristiques ? W R Désert du {Wadi Rum}
47%
Comment se nomme la principale compagnie aérienne locale R J Royal Jordanian
32%
Quelle est la monnaie ? Dinar jordanien
26%
Quelle est la langue officielle ? Arabie
16%
Achats à faire 4/ Poufs en Cuir
16%
Achats à faire 2/ Bouteilles de {sable} coloré
16%
Quelles sont les principaux lieux touristiques ? J Site de {Jerash}
16%
Achats à faire 1/ Céramiques de Madaba
5%
Quelles sont les principaux lieux touristiques ? M Réserve de {Mujib}
5%
Achats à faire 3/ Verreries d' Hébron
0%
Aucun quiz correspondant
Distribution des résultats
% des personnes avec chaque résultat
Percentile par nombre de réponses
Votre historique - résultats
Vous n’avez pas pris ce quiz